Countries of West Indies Cricketers - Statistics

General Stats
  • This quiz has been taken 28 times
  • The average score is 10 of 15
Answer Stats
Hint Answer % Correct
Chris Gayle Jamaica
87%
Brian Lara Trinidad and Tobago
87%
Shivnarine Chanderpaul Guyana
83%
Dwayne Bravo Trinidad and Tobago
83%
Kraigg Brathwaite Barbados
78%
Vivian Richards Antigua and Barbuda
74%
Michael Holding Jamaica
74%
Darren Sammy St Lucia
74%
Nicholas Pooran Trinidad and Tobago
74%
Curtley Ambrose Antigua and Barbuda
70%
Jeffrey Dujon Jamaica
61%
Joshua da Silva Trinidad and Tobago
61%
Hayley Matthews Barbados
48%
Alick Athanaze Dominica
48%
Lance Gibbs Guyana
48%
No matching quizzes found
Score Distribution
Percent of People with Each Score
Percentile by Number Answered
Your Score History
You have not taken this quiz